Quick Pick: Goosebumps Books Quiz Stats

Quiz Updated Aug 25, 2016

Challenge
Share
Tweet
Embed
Score 0/10 Timer 01:00
5 Plays Today
% Correct
Creeps
74.4%
Ghost
71.8%
Terror
67.5%
Snowman
56.9%
Shock
56.8%
Lost
56.5%
Invisible
48.8%
Breath
48.2%
Fever
44.4%
Egg
32.1%

Today's Daily Dose

Word Ladder
Summertime

On This Day
June 23rd II

You're not logged in!

Compare scores with friends on all Sporcle quizzes.
Join for Free
OR
Log In

You Might Also Like...

Show Comments

Extras

Top Quizzes Today


Score Distribution

Your Account Isn't Verified!

In order to create a playlist on Sporcle, you need to verify the email address you used during registration. Go to your Sporcle Settings to finish the process.

Report this User

Report this user for behavior that violates our Community Guidelines.

Details: